[Event "GRENKE Chess Open 2017"]
[Site "Karlsruhe GER"]
[Date "2017.04.16"]
[Round "7.17"]
[White "Piorun,K"]
[Black "Nasuta,G"]
[Result "0-1"]
[WhiteElo "2651"]
[BlackElo "2447"]

1.c4 e5 2.g3 Nf6 3.Bg2 d5 4.cxd5 Nxd5 5.Nc3 Nb6 6.d3 Be7 7.f4 exf4 8.Bxf4 O-O
9.Nf3 c6 10.O-O Na6 11.d4 Nc7 12.e4 Bg4 13.Ne2 Ne6 14.Be3 Nc4 15.Bf2 Bxf3
16.Bxf3 Bg5 17.d5 Nd2 18.Bg2 Nxf1 19.Kxf1 Nc7 20.Qb3 cxd5 21.exd5 Ne8 22.h4
Bf6 23.Qxb7 Nd6 24.Qa6 Bxb2 25.Rd1 Re8 26.Nf4 Qf6 27.Kg1 Be5 28.Ne2 Rab8
29.Rf1 Rb2 30.Bc5 Qg6 31.Rf2 Bxg3 32.Nxg3 Qxg3 33.Qf1 Rxf2 34.Bxf2 Qf4 35.Bxa7
Qxh4 36.Bf2 Qg5 37.a4 Rc8 38.Qa6 Rc1+ 39.Kh2 Qf4+ {#R} 0-1

[Event "GRENKE Chess Open 2017"]
[Site "Karlsruhe GER"]
[Date "2017.04.16"]
[Round "7.18"]
[White "Kantor,G"]
[Black "Demchenko,A"]
[Result "0-1"]
[WhiteElo "2470"]
[BlackElo "2628"]

1.d4 Nf6 2.c4 g6 3.Nc3 Bg7 4.e4 O-O 5.Nge2 d6 6.Ng3 e5 7.d5 a5 8.Be2 Na6 9.h4
h5 10.Bg5 Qe8 11.Qd2 Nc5 12.f3 Nh7 13.Be3 f5 14.exf5 gxf5 15.f4 Nf6 16.fxe5
Qxe5 17.Bf4 Nd3+ 18.Qxd3 Qxf4 19.Nxh5 Nxh5 20.Bxh5 Bd7 21.Ne2 Qh6 22.Bf3 Rae8
23.Qd2 Re3 24.O-O-O b5 25.c5 dxc5 26.Kb1 f4 27.Qxa5 Bf5+ 28.Ka1 b4 29.Qxc5 Qa6
30.d6 c6 31.Nc1 Rc3 32.Qxb4 Rc4 33.Qd2 Rc2 34.Qb4 Rxb2 35.Qxb2 Rb8 36.Qxg7+
Kxg7 37.Ne2 Qa5 38.Rd4 Be6 39.a4 Qc5 40.Rd3 Qc2 {#R} 0-1

[Event "GRENKE Chess Open 2017"]
[Site "Karlsruhe GER"]
[Date "2017.04.16"]
[Round "7.19"]
[White "Melkumyan,H"]
[Black "Andreev,Ed UKR"]
[Result "1-0"]
[WhiteElo "2619"]
[BlackElo "2438"]

1.d4 Nf6 2.c4 e6 3.Nf3 Bb4+ 4.Bd2 a5 5.g3 d6 6.Bg2 Nbd7 7.O-O e5 8.e3 Bxd2
9.Qxd2 O-O 10.Nc3 c6 11.Qc2 Qe7 12.e4 Re8 13.b3 Nf8 14.h3 Ng6 15.Rad1 h5 16.c5
dxc5 17.dxe5 Nd7 18.e6 Qxe6 19.Ng5 Qe7 20.f4 Nde5 21.Qe2 f6 22.Nf3 Nxf3+
23.Qxf3 Be6 24.e5 f5 25.Qxh5 Qf7 26.Qg5 Ne7 27.Na4 c4 28.Nc5 cxb3 29.axb3 Nd5
30.Rd3 b5 31.Rc1 Red8 32.g4 Ne7 33.Rxd8+ Rxd8 34.Nxe6 Qxe6 35.gxf5 Qxb3 36.f6
Qe3+ 37.Kh2 Ng6 {#r} 1-0

[Event "GRENKE Chess Open 2017"]
[Site "Karlsruhe GER"]
[Date "2017.04.16"]
[Round "7.23"]
[White "Graf,A"]
[Black "Satyapragyan,S"]
[Result "1-0"]
[WhiteElo "2577"]
[BlackElo "2426"]

1.d4 Nf6 2.c4 e6 3.Nc3 Bb4 4.e3 O-O 5.Bd3 d5 6.Nf3 c5 7.O-O dxc4 8.Bxc4 Nc6
9.Bd3 Qe7 10.Ne4 Nxe4 11.Bxe4 Rd8 12.Qc2 f5 13.Bxc6 bxc6 14.e4 h6 15.Be3 f4
16.Bxf4 cxd4 17.Rfd1 c5 18.Ne5 Bb7 19.Nc4 Qh4 20.g3 Qh5 21.a3 Qf3 22.Rd3 Qxe4
23.f3 Qf5 24.Rc1 Rac8 25.axb4 cxb4 26.Qd1 Qd5 27.Ne5 a5 28.h4 Rxc1 29.Qxc1 Rc8
30.Qd1 Rd8 31.h5 Ba6 32.Rd2 d3 33.Kg2 b3 34.Qg1 Qd4 35.Qxd4 Rxd4 36.Kf2 a4
37.Ke3 Rb4 38.Rd1 a3 39.bxa3 Ra4 40.Ra1 {#r} 1-0

[Event "GRENKE Chess Open 2017"]
[Site "Karlsruhe GER"]
[Date "2017.04.16"]
[Round "7.26"]
[White "Ruck,R1"]
[Black "Seyb,A"]
[Result "0-1"]
[WhiteElo "2557"]
[BlackElo "2407"]

1.Nf3 Nf6 2.c4 c5 3.Nc3 d5 4.cxd5 Nxd5 5.d4 Nxc3 6.bxc3 g6 7.e3 Bg7 8.Bd3 O-O
9.O-O Nc6 10.Ba3 b6 11.Rb1 Qc7 12.Qe2 Rd8 13.dxc5 Bb7 14.Be4 Na5 15.cxb6 axb6
16.Bxb7 Nxb7 17.Bb4 Na5 18.Rfd1 e6 19.Nd4 Rdc8 20.h3 Qc4 21.Kf1 Qc7 22.g3 Nc4
23.Kg1 Qa7 24.Ra1 Qa4 25.h4 e5 26.Nf3 e4 27.Ng5 Qc6 28.Qg4 f5 29.Qe2 Be5
30.Kg2 Rd8 31.Rxd8+ Rxd8 32.Rd1 Rd3 33.Kf1 Qd5 34.Ke1 Bf6 35.Nh3 Ne5 36.Ng1
Rxd1+ 37.Qxd1 Nd3+ 38.Kf1 Nxb4 {#R} 0-1

[Event "GRENKE Chess Open 2017"]
[Site "Karlsruhe GER"]
[Date "2017.04.16"]
[Round "7.27"]
[White "Skomorokhin,R"]
[Black "Donchenko,Alexa"]
[Result "0-1"]
[WhiteElo "2404"]
[BlackElo "2554"]

1.d4 Nf6 2.Nf3 e6 3.c4 c5 4.e3 cxd4 5.exd4 d5 6.Nc3 Bb4 7.cxd5 Nxd5 8.Qc2 Nc6
9.Bd2 O-O 10.Rd1 Bd6 11.h4 h6 12.a3 Bd7 13.Ne4 Be7 14.Qb1 Rc8 15.b4 a5 16.b5
Nb8 17.Qb3 Be8 18.Ne5 f6 19.Nc4 b6 20.Qg3 Qc7 21.Ncd6 Rd8 22.Bxh6 Bxd6 23.Nxd6
Qc3+ 24.Qxc3 Nxc3 25.Nxe8 Nxd1 26.Nxg7 Rxd4 27.Nh5 Rfd8 28.Rh3 Kh7 29.Bc1 Kg6
30.Nf4+ Kf7 31.h5 Nb2 32.h6 Rd1+ 33.Ke2 Rxc1 {#R} 0-1

[Event "GRENKE Chess Open 2017"]
[Site "Karlsruhe GER"]
[Date "2017.04.16"]
[Round "7.28"]
[White "Martinovic,Sa"]
[Black "Lodici,Lorenzo"]
[Result "1-0"]
[WhiteElo "2551"]
[BlackElo "2402"]

1.Nf3 d5 2.g3 Nf6 3.Bg2 e6 4.O-O c5 5.c4 d4 6.e3 Nc6 7.exd4 cxd4 8.d3 Bd6
9.Bg5 h6 10.Bxf6 Qxf6 11.Nbd2 Qd8 12.a3 a5 13.Rc1 O-O 14.c5 Be7 15.Qa4 Ra6
16.Rfe1 Qc7 17.Ne4 Rd8 18.Nfd2 b6 19.cxb6 Qxb6 20.Rxc6 Qxc6 21.Nf6+ {#r} 1-0

[Event "GRENKE Chess Open 2017"]
[Site "Karlsruhe GER"]
[Date "2017.04.16"]
[Round "7.29"]
[White "Sadzikowski,D"]
[Black "Colpe,M"]
[Result "1-0"]
[WhiteElo "2547"]
[BlackElo "2402"]

1.e4 d5 2.exd5 Qxd5 3.Nf3 Bg4 4.Be2 Nc6 5.O-O O-O-O 6.h3 Bxf3 7.Bxf3 Qd6 8.Nc3
Nd4 9.a4 c6 10.a5 Nf6 11.a6 b6 12.d3 e5 13.Be3 Qc7 14.Rb1 Bb4 15.Bxd4 exd4
16.Ne2 g5 17.c3 dxc3 18.bxc3 Bc5 19.d4 Bd6 20.Qa4 Rde8 21.c4 h5 22.c5 Bh2+
23.Kh1 b5 24.Qc2 g4 25.Qf5+ Re6 26.d5 Qe5 27.Nd4 Qxf5 28.Nxf5 cxd5 29.Kxh2
gxf3 30.gxf3 Rxa6 31.Rxb5 Kd7 32.Nd4 Rc8 33.Rfb1 Ne8 34.Rb7+ Nc7 35.Nb5 Ra2
36.c6+ Kd8 37.Nd6 {#r} 1-0

[Event "GRENKE Chess Open 2017"]
[Site "Karlsruhe GER"]
[Date "2017.04.16"]
[Round "7.32"]
[White "Hilverda,A"]
[Black "Moskalenko,A"]
[Result "0-1"]
[WhiteElo "2396"]
[BlackElo "2514"]

1.d4 Nf6 2.c4 e6 3.Nf3 Bb4+ 4.Bd2 a5 5.g3 d6 6.Bg2 O-O 7.O-O Bxd2 8.Qxd2 Nbd7
9.Nc3 e5 10.dxe5 dxe5 11.Rfd1 Re8 12.Qc2 c6 13.c5 Qc7 14.Na4 e4 15.Nd4 Qe5
16.Rac1 Nd5 17.Qb3 h5 18.Nc2 h4 19.Ne3 hxg3 20.hxg3 N7f6 21.Nc4 Qh5 22.Nab6 e3
23.f3 Qg5 24.Nxc8 Qxg3 25.Rd4 Raxc8 26.Qd1 Nf4 27.Qf1 N6d5 28.Nd6 Nh3+ 29.Kh1
Nf2+ 30.Kg1 Nf4 31.Rxf4 Nh3+ 32.Kh1 Nxf4 33.Nxc8 Re5 {#R} 0-1

[Event "GRENKE Chess Open 2017"]
[Site "Karlsruhe GER"]
[Date "2017.04.16"]
[Round "7.37"]
[White "Reimanis,R"]
[Black "Studer,N"]
[Result "0-1"]
[WhiteElo "2285"]
[BlackElo "2486"]

1.d4 Nf6 2.c4 e6 3.Nc3 Bb4 4.e3 O-O 5.Ne2 d5 6.a3 Be7 7.cxd5 exd5 8.g3 a5
9.Bg2 Na6 10.O-O Re8 11.Nf4 c6 12.Re1 Nc7 13.b3 Ne6 14.Nxe6 Bxe6 15.Bb2 h5
16.Rc1 h4 17.Na4 Qc7 18.Nc5 Bg4 19.f3 Bc8 20.g4 Bd6 21.h3 Bh2+ 22.Kh1 Bg3
23.Re2 b6 24.Nd3 Ba6 25.e4 dxe4 26.fxe4 Rad8 27.b4 axb4 28.axb4 Bb5 29.Qd2 Qe7
30.e5 Nd5 31.Re4 Ra8 32.e6 fxe6 33.Ne5 Qxb4 34.Qc2 Ra2 35.Rb1 Rf8 36.Nxc6 Bxc6
37.Qxc6 Rxb2 38.Qxe6+ Kh8 39.Rbe1 Rb1 {#R} 0-1

[Event "GRENKE Chess Open 2017"]
[Site "Karlsruhe GER"]
[Date "2017.04.16"]
[Round "7.40"]
[White "Jahncke,G"]
[Black "Potkin,V"]
[Result "0-1"]
[WhiteElo "2350"]
[BlackElo "2594"]

1.d4 Nf6 2.c4 g6 3.Nc3 d5 4.cxd5 Nxd5 5.e4 Nxc3 6.bxc3 Bg7 7.Nf3 c5 8.Be3 Qa5
9.Qd2 O-O 10.Rc1 Nd7 11.d5 Nf6 12.c4 Qxd2+ 13.Nxd2 b6 14.h3 Ne8 15.g4 f5
16.gxf5 gxf5 17.Bg5 Rf7 18.Be2 fxe4 19.Nxe4 Nd6 20.Ng3 Bd4 21.Rh2 Bf5 22.Bh5
Bg6 23.Bg4 Kf8 24.Ke2 Bb2 25.Re1 Bf6 26.f4 Bxg5 27.fxg5 Nxc4 28.Be6 Rf4 29.h4
Bf7 30.Rf2 Rxf2+ 31.Kxf2 Rd8 32.Bf5 Bg8 33.h5 Rxd5 34.g6 hxg6 35.Bxg6 Ne5
36.Be4 Nd3+ 37.Bxd3 Rxd3 38.Nf5 Rd5 39.Nxe7 Rxh5 {#R} 0-1

[Event "Zurich Korchnoi Open 2017"]
[Site "Zurich SUI"]
[Date "2017.04.16"]
[Round "5.4"]
[White "Pavlovic,Milos"]
[Black "Van Wely,L"]
[Result "0-1"]
[WhiteElo "2495"]
[BlackElo "2669"]

1.d4 Nf6 2.Nf3 d5 3.c4 e6 4.e3 a6 5.Nbd2 c5 6.cxd5 exd5 7.dxc5 Bxc5 8.Be2 O-O
9.O-O Nc6 10.Nb3 Bd6 11.Bd2 Ne4 12.Rc1 Qf6 13.Bc3 Qg6 14.Qxd5 Rd8 15.Nh4 Nxc3
16.Rxc3 Qh6 17.Qh5 Qxh5 18.Bxh5 Be5 19.Rc2 Nb4 20.Rc4 Nxa2 21.Nf3 Bxb2 22.Nfd4
Nc3 23.Bf3 Rb8 24.h3 b5 25.Rc7 Rd7 26.Rxd7 Bxd7 27.Nc5 Be8 28.Nxa6 Rc8 29.Nb4
Rc4 30.Nd3 Ba3 31.Ra1 Ra4 32.Nc6 Kf8 33.g4 Bd6 34.Rc1 Bxc6 35.Bxc6 Ne2+ 36.Kg2
Nxc1 37.Nxc1 Rc4 {#R} 0-1

[Event "Zurich Korchnoi Open 2017"]
[Site "Zurich SUI"]
[Date "2017.04.16"]
[Round "5.6"]
[White "Moor,R"]
[Black "Guseinov,G"]
[Result "0-1"]
[WhiteElo "2397"]
[BlackElo "2643"]

1.c4 g6 2.g3 Bg7 3.Bg2 d6 4.Nc3 e5 5.e4 Ne7 6.Nge2 O-O 7.O-O Be6 8.d3 c6 9.b3
f5 10.d4 Nd7 11.Ba3 Nc8 12.d5 cxd5 13.exf5 gxf5 14.Bxd5 Bxd5 15.Qxd5+ Kh8
16.Qxb7 Rb8 17.Qd5 e4 18.Bb2 Ne5 19.Na4 Ne7 20.Qd1 N7g6 21.f4 exf3 22.Nd4 f4
23.Nxf3 fxg3 24.hxg3 Rxf3 25.Rxf3 Qg5 26.Qd5 Nxf3+ 27.Qxf3 Bxb2 28.Nxb2 Qe5
29.Rb1 Rf8 30.Qg2 Qe3+ 31.Kh1 Rf2 {#R} 0-1

[Event "Zurich Korchnoi Open 2017"]
[Site "Zurich SUI"]
[Date "2017.04.16"]
[Round "5.7"]
[White "Romanov,E"]
[Black "Martirosyan,Haik M."]
[Result "1-0"]
[WhiteElo "2640"]
[BlackElo "2515"]

1.c4 Nf6 2.Nc3 c5 3.Nf3 e6 4.e3 d5 5.d4 a6 6.cxd5 exd5 7.Be2 Nc6 8.O-O Bd6
9.b3 O-O 10.Ba3 cxd4 11.Bxd6 Qxd6 12.Nxd4 Ne5 13.Rc1 Bd7 14.Nf3 Rac8 15.Qd4
Nc6 16.Qb6 Qb8 17.Na4 Ne4 18.Nc5 Nxc5 19.Rxc5 Ne7 20.a4 Bg4 21.h3 Bh5 22.a5
Rfd8 23.Rfc1 Bxf3 24.Bxf3 Rxc5 25.Rxc5 Rc8 26.Rxc8+ Qxc8 27.Qd6 Nc6 28.Bxd5 g6
29.b4 Kg7 30.g3 h5 31.Kg2 Nd8 32.Qe7 Qb8 33.h4 b6 34.e4 bxa5 35.bxa5 Qc8 36.e5
Kg8 37.Qe8+ Kg7 38.e6 fxe6 39.Be4 Qc4 40.Qxg6+ Kf8 41.Bf3 {#r} 1-0

[Event "Zurich Korchnoi Open 2017"]
[Site "Zurich SUI"]
[Date "2017.04.16"]
[Round "5.8"]
[White "Lazarev,V"]
[Black "Perunovic,Mil"]
[Result "1-0"]
[WhiteElo "2373"]
[BlackElo "2611"]

1.d4 Nf6 2.c4 c5 3.d5 b5 4.cxb5 a6 5.bxa6 g6 6.Nc3 Bg7 7.e4 O-O 8.Nf3 Qa5
9.Bd2 Bxa6 10.Be2 Bxe2 11.Qxe2 Qa6 12.a4 Qxe2+ 13.Kxe2 Na6 14.Rab1 Rfb8
15.Rhe1 d6 16.b3 Rb7 17.Kf1 Nc7 18.Na2 c4 19.e5 cxb3 20.exf6 Bxf6 21.Nc3 b2
22.a5 Bg7 23.Rxe7 Rxa5 24.Rd7 h6 25.Ke2 Ra1 26.Kd3 Rb8 27.Rxc7 Bxc3 28.Kc2
Bxd2 29.Nxd2 Ra5 30.Rxb2 Re8 31.Kd1 Rxd5 32.Rbb7 Re4 33.Re7 Red4 34.Rb2 g5
35.Ke2 Ra4 36.Ne4 Rdd4 37.f3 d5 38.Nd6 Rf4 39.g4 h5 40.h3 hxg4 41.hxg4 Ra6
42.Nf5 Re6+ 43.Kf2 {#r} 1-0

[Event "Zurich Korchnoi Open 2017"]
[Site "Zurich SUI"]
[Date "2017.04.16"]
[Round "5.9"]
[White "Hera,I"]
[Black "Miezis,N"]
[Result "1-0"]
[WhiteElo "2608"]
[BlackElo "2468"]

1.e4 c5 2.Nc3 e6 3.g3 Nc6 4.Bg2 g6 5.d3 Bg7 6.Be3 d6 7.Qd2 h6 8.f4 Nge7 9.Nf3
Nd4 10.O-O e5 11.Rf2 Be6 12.Raf1 Qd7 13.Ne2 f5 14.fxe5 dxe5 15.Nh4 f4 16.gxf4
Nxe2+ 17.Qxe2 exf4 18.Bxc5 Bd4 19.Bxd4 Qxd4 20.c3 Qb6 21.Nf3 g5 22.Ne5 O-O-O
23.d4 Qc7 24.Qh5 Kb8 25.a4 Ng8 26.a5 Nf6 27.Qe2 Qxa5 28.b4 Qc7 29.Qb2 h5 30.h3
Rhg8 31.Kh2 Qh7 32.Ra1 Ng4+ 33.hxg4 hxg4+ 34.Kg1 g3 35.Rd2 g4 36.Qa3 a6
37.Nc6+ bxc6 38.Qxa6 Qb7 39.Qa5 Kc8 40.Qe5 f3 41.Qxe6+ Qd7 42.Ra8+ Kb7
43.Qxd7+ {#r} 1-0

[Event "Zurich Korchnoi Open 2017"]
[Site "Zurich SUI"]
[Date "2017.04.16"]
[Round "5.10"]
[White "Zhigalko,A"]
[Black "Ballmann,M"]
[Result "1-0"]
[WhiteElo "2577"]
[BlackElo "2395"]

1.d4 g6 2.c4 Bg7 3.Nc3 d6 4.Nf3 Nf6 5.e4 O-O 6.Be2 a6 7.O-O Bg4 8.Bg5 Nfd7
9.d5 Nc5 10.h3 Bxf3 11.Bxf3 a5 12.Qd2 a4 13.Rab1 c6 14.Rfe1 Re8 15.Bh6 Bf6
16.Bg4 Qb6 17.Kh1 Qb4 18.f4 Qxc4 19.e5 dxe5 20.fxe5 Bg7 21.Rbc1 Bxh6 22.Qxh6
Nd3 23.Ne4 Qxe4 24.Rxe4 Nf2+ 25.Kh2 Nxe4 26.Rf1 Rf8 27.Rf4 cxd5 28.Bf5 Re8
29.Rh4 e6 30.Bxg6 {#r} 1-0

[Event "Zurich Korchnoi Open 2017"]
[Site "Zurich SUI"]
[Date "2017.04.16"]
[Round "5.11"]
[White "Shirov,A"]
[Black "Ganaus,H"]
[Result "1-0"]
[WhiteElo "2693"]
[BlackElo "2289"]

1.e4 c6 2.d4 d5 3.e5 c5 4.dxc5 e6 5.Nf3 Bxc5 6.Bd3 Ne7 7.a3 Ng6 8.O-O O-O 9.b4
Bb6 10.Ng5 Nc6 11.Qh5 h6 12.Nxf7 Rxf7 13.Bxg6 Rf8 14.Bb2 Bd7 15.Nd2 Ne7 16.Bd3
a5 17.Nf3 axb4 18.axb4 Rxa1 19.Bxa1 Nf5 20.Bc3 d4 21.Bd2 Bc6 22.b5 Bd5 23.Bb4
Rf7 24.Ra1 Bc7 25.Qg6 Bxf3 26.gxf3 Qc8 27.Bc4 Nh4 28.Qxe6 Nxf3+ 29.Kh1 {#r}
1-0

[Event "Zurich Korchnoi Open 2017"]
[Site "Zurich SUI"]
[Date "2017.04.16"]
[Round "5.15"]
[White "Huss,A"]
[Black "Georges,S"]
[Result "1-0"]
[WhiteElo "2313"]
[BlackElo "2218"]

1.d4 Nf6 2.c4 g6 3.Nf3 Bg7 4.Nc3 O-O 5.e4 d6 6.Be2 c5 7.d5 e6 8.O-O exd5
9.cxd5 Re8 10.Nd2 Nbd7 11.a4 Ne5 12.Qc2 Bg4 13.f3 Bd7 14.Nb5 Qb8 15.Na3 a6
16.a5 Qd8 17.Ndc4 Nxc4 18.Nxc4 Bb5 19.Nb6 Bxe2 20.Qxe2 Rb8 21.Bg5 Qc7 22.Bxf6
Bxf6 23.Kh1 Bd4 24.Qd2 Qe7 25.Rfe1 Qh4 26.g3 Qh5 27.Kg2 f5 28.Nc4 fxe4 29.fxe4
Rbd8 30.Qd3 Qg4 31.h3 Qg5 32.Rf1 Rf8 33.Rae1 h5 34.Rxf8+ Rxf8 35.Rf1 Rxf1
36.Qxf1 h4 37.Qf4 Qxg3+ 38.Qxg3 hxg3 39.Nxd6 Bxb2 40.Nc4 Bc3 41.Kxg3 Kf8
42.Kf4 Bf6 43.e5 Bd8 44.e6 {#r} 1-0

[Event "Zurich Korchnoi Open 2017"]
[Site "Zurich SUI"]
[Date "2017.04.16"]
[Round "6.3"]
[White "Ivanisevic,I"]
[Black "Rakhmanov,Ale"]
[Result "0-1"]
[WhiteElo "2633"]
[BlackElo "2665"]

1.e4 c5 2.Nc3 Nc6 3.Bb5 Nd4 4.Ba4 a6 5.Bb3 e6 6.Nge2 Nxe2 7.Qxe2 Ne7 8.d3 Nc6
9.f4 Qh4+ 10.g3 Qh3 11.Be3 Be7 12.e5 b6 13.Ne4 Bb7 14.O-O-O Na5 15.Rhg1 Nxb3+
16.axb3 h5 17.c4 Qf5 18.Bd2 Qg4 19.Qe3 Bc6 20.Rdf1 Qf5 21.Bc3 a5 22.Nd6+ Bxd6
23.exd6 f6 24.h3 Qxh3 25.f5 O-O 26.Rf4 e5 27.Rh4 Qxf5 28.g4 Qf3 29.Qd2 a4
30.bxa4 Rxa4 31.Kc2 b5 32.gxh5 bxc4 33.Rxc4 Rxc4 34.dxc4 Be4+ 35.Kc1 Ra8 36.b3
Ra2 37.Bb2 Qxb3 38.Qe2 Rxb2 {#R} 0-1

[Event "Zurich Korchnoi Open 2017"]
[Site "Zurich SUI"]
[Date "2017.04.16"]
[Round "6.11"]
[White "Koehler,G2"]
[Black "Jenni,F"]
[Result "0-1"]
[WhiteElo "2158"]
[BlackElo "2472"]

1.c4 e5 2.Nc3 Nf6 3.g3 Bb4 4.Bg2 O-O 5.Nf3 Re8 6.O-O h6 7.Ne1 c6 8.Nc2 Bxc3
9.dxc3 d5 10.cxd5 cxd5 11.Be3 Nc6 12.Qd2 Bf5 13.Rfd1 Qe7 14.f3 Rad8 15.Bf2 Qe6
16.Ne3 Bh3 17.Nf1 Rd7 18.Qc2 a6 19.Ne3 e4 20.Nf1 b5 21.Qd2 Ne5 22.b3 Bxg2
23.Kxg2 exf3+ 24.exf3 Nxf3 {#R} 0-1

[Event "Zurich Korchnoi Open 2017"]
[Site "Zurich SUI"]
[Date "2017.04.16"]
[Round "6.12"]
[White "Miezis,N"]
[Black "Haas,Ca"]
[Result "1-0"]
[WhiteElo "2468"]
[BlackElo "2169"]

1.c4 c6 2.e4 d5 3.cxd5 cxd5 4.exd5 Nf6 5.Nc3 Nxd5 6.Nf3 Nc6 7.Bb5 e6 8.O-O a6
9.Bxc6+ bxc6 10.d4 Be7 11.Ne5 Bd7 12.Qg4 Kf8 13.Qf3 Be8 14.Ne4 Kg8 15.Nc5 Bxc5
16.dxc5 Qe7 17.Qa3 h5 18.Bd2 h4 19.h3 Rh5 20.Rae1 Qb7 21.Nc4 Rb8 22.b4 Qa7
23.Qf3 Rh7 24.a3 Rd8 25.Re2 Qe7 26.Rfe1 Qf6 27.Qg4 Rb8 28.Re5 Qd8 29.Nd6 Ra8
30.Bg5 Qd7 31.Bxh4 Rb8 32.Bg3 a5 33.b5 Nf6 34.bxc6 Qxc6 35.Qc4 Qa4 36.Qxa4
Bxa4 37.Nc4 Rb3 38.Nxa5 Rxa3 39.c6 Rc3 40.Ra1 Rh8 41.Rxa4 {#r} 1-0

[Event "Zurich Korchnoi Open 2017"]
[Site "Zurich SUI"]
[Date "2017.04.16"]
[Round "6.13"]
[White "Zenker,U"]
[Black "Moor,R"]
[Result "1-0"]
[WhiteElo "2150"]
[BlackElo "2397"]

1.e4 c5 2.Nc3 Nc6 3.g3 g6 4.Bg2 Bg7 5.d3 d6 6.Be3 b5 7.a3 Rb8 8.Nge2 Nd4 9.O-O
h5 10.Rb1 h4 11.b4 hxg3 12.hxg3 Bd7 13.f3 e6 14.Qd2 Ne7 15.Nd1 Qc7 16.c3 Nxe2+
17.Qxe2 Rc8 18.Rc1 Nc6 19.f4 cxb4 20.axb4 a5 21.Nf2 axb4 22.cxb4 Qb8 23.Ng4
Bd4 24.Qf2 Bxe3 25.Qxe3 Qa7 26.Qxa7 Nxa7 27.Rxc8+ Nxc8 28.e5 Kd8 29.Nf6 Nb6
30.Rc1 g5 31.Nxd7 Nxd7 32.exd6 Nb6 33.Rc5 Kd7 34.Rxb5 Nd5 35.Bxd5 exd5 36.Rxd5
gxf4 37.gxf4 Rb8 38.Rd4 Ra8 39.Kf2 Ra2+ 40.Kf3 f5 41.Rd5 {#r} 1-0

[Event "Zurich Korchnoi Open 2017"]
[Site "Zurich SUI"]
[Date "2017.04.16"]
[Round "6.14"]
[White "Ballmann,M"]
[Black "Reinwald,P"]
[Result "1-0"]
[WhiteElo "2395"]
[BlackElo "2155"]

1.d4 Nf6 2.Nf3 e6 3.Bg5 h6 4.Bh4 c5 5.c3 b6 6.e3 Bb7 7.Nbd2 Be7 8.h3 Ne4
9.Nxe4 Bxe4 10.Bg3 O-O 11.Be2 d5 12.O-O Bd6 13.Bxd6 Qxd6 14.Nd2 Bh7 15.Bf3
cxd4 16.exd4 Nc6 17.Be2 Rfc8 18.a4 a6 19.Rc1 Na5 20.Re1 b5 21.axb5 axb5 22.b4
Nc4 23.Bxc4 bxc4 24.Ra1 f6 25.Qf3 Qc6 26.Qg3 Rxa1 27.Rxa1 Ra8 28.Rxa8+ Qxa8
29.Kh2 Qa2 30.b5 Qxd2 31.b6 e5 32.dxe5 f5 33.e6 f4 34.Qh4 g5 35.Qxh6 f3 36.e7
{#r} 1-0

[Event "17th BCC Open 2017"]
[Site "Cha-Am THA"]
[Date "2017.04.16"]
[Round "9.7"]
[White "Li,Yankai"]
[Black "Shomoev,A"]
[Result "0-1"]
[WhiteElo "2392"]
[BlackElo "2543"]

1.e4 g6 2.d4 Bg7 3.Nc3 d6 4.Nf3 c6 5.a4 Nf6 6.h3 O-O 7.Be2 Qc7 8.O-O Nbd7 9.a5
e5 10.dxe5 Nxe5 11.Nxe5 dxe5 12.Bg5 Be6 13.Qc1 b5 14.axb6 axb6 15.Qe3 b5
16.Rfd1 Rfe8 17.b3 Nd7 18.Rxa8 Rxa8 19.Be7 h5 20.g4 hxg4 21.hxg4 Nf8 22.Bd6
Qc8 23.Qg3 Nd7 24.g5 Qe8 25.Kg2 Rd8 26.Bc7 Rc8 27.Bd6 Rd8 28.Bc7 Ra8 29.Bd6
Nf8 30.Bc5 Bd7 31.Bd6 Be6 32.Rd3 Rd8 33.Nd1 Bd5 34.exd5 Rxd6 35.c4 bxc4
36.bxc4 cxd5 37.cxd5 Qe7 38.Ne3 Nh7 39.Nc4 Rd8 40.d6 Qxg5 41.Qxg5 Nxg5 42.Na5
Ne6 43.Nc6 Rd7 44.Nb8 Rb7 {#R} 0-1

[Event "LXIII Mexican Open 2017"]
[Site "Leon MEX"]
[Date "2017.04.16"]
[Round "9.5"]
[White "Garcia Guerrero,I"]
[Black "Obregon Rivero,J"]
[Result "0-1"]
[WhiteElo "2332"]
[BlackElo "2529"]

1.d4 g6 2.e4 Bg7 3.h4 d5 4.e5 h5 5.Nh3 c5 6.Ng5 cxd4 7.e6 Nh6 8.Bd3 Qb6
9.exf7+ Nxf7 10.Qf3 Ne5 11.Qxd5 Nxd3+ 12.cxd3 Qf6 13.O-O Qf5 14.Qb3 Na6 15.Nd2
Nc5 16.Qc4 b6 17.b4 Ba6 18.b5 Bb7 19.Nde4 Rc8 20.Re1 Nxe4 21.Nxe4 Bxe4 22.Qb4
Rc2 23.Bd2 O-O {#R} 0-1

[Event "LXIII Mexican Open 2017"]
[Site "Leon MEX"]
[Date "2017.04.16"]
[Round "9.8"]
[White "Figueredo Losada,L"]
[Black "Benitez Lozano,J"]
[Result "1-0"]
[WhiteElo "2395"]
[BlackElo "2270"]

1.Nf3 d5 2.d4 Nf6 3.c4 c6 4.e3 Bf5 5.Nc3 e6 6.Nh4 Be4 7.f3 Bg6 8.Qb3 Qc7 9.Bd2
a6 10.Rc1 dxc4 11.Bxc4 Nbd7 12.a4 Be7 13.g3 Bh5 14.O-O O-O 15.Ng2 Rad8 16.Nf4
Kh8 {#r} 1-0

[Event "O2C Doeberl Cup 2017"]
[Site "Canberra AUS"]
[Date "2017.04.16"]
[Round "8.8"]
[White "Zulfic,F"]
[Black "Solomon,SJ"]
[Result "1-0"]
[WhiteElo "2118"]
[BlackElo "2374"]

1.e4 e5 2.Nf3 Nf6 3.Nxe5 d6 4.Nf3 Nxe4 5.d3 Nf6 6.d4 Be7 7.Bd3 Nbd7 8.O-O Nf8
9.c4 Ng6 10.Nc3 c6 11.Re1 O-O 12.b4 Re8 13.a4 Bg4 14.a5 d5 15.c5 Nh4 16.Be2
Bxf3 17.Bxf3 Nxf3+ 18.gxf3 a6 19.Kh1 Qd7 20.Rg1 Nh5 21.Ne2 Bf6 22.Be3 Qf5
23.Ng3 Nxg3+ 24.Rxg3 Re6 25.Qb1 Qh5 26.Qg1 Rae8 27.Qg2 Qf5 28.Qf1 g6 29.Qb1
Qxb1+ 30.Rxb1 Bg7 31.Rd1 f5 32.f4 Bf6 33.Kg2 Kf7 34.Kf3 Re4 35.h4 Bxh4 36.Rh3
g5 37.fxg5 Kg6 38.Rg1 R8e6 39.Rg2 Kh5 40.Bf4 Re3+ {#r} 1-0

[Event "ch-NED Qualifier 2017"]
[Site "Delft NED"]
[Date "2017.04.16"]
[Round "4.2"]
[White "Janssen,Ru"]
[Black "Leenhouts,K"]
[Result "0-1"]
[WhiteElo "2520"]
[BlackElo "2480"]

1.c4 g6 2.e4 e5 3.Nc3 Bg7 4.Nge2 d6 5.d4 exd4 6.Nxd4 Ne7 7.h4 Nbc6 8.Be3 h5
9.Qd2 Ne5 10.O-O-O a6 11.Kb1 Bd7 12.f3 O-O 13.Bh6 Bh8 14.Bxf8 Qxf8 15.f4 Ng4
16.g3 Nc6 17.Nxc6 bxc6 18.Bh3 Rb8 19.Rhe1 Rb4 20.c5 Be6 21.Bxg4 Bxg4 22.Rc1
Qb8 23.Rc2 d5 24.e5 Bf5 25.Ka1 Bxc2 26.Qxc2 Rc4 27.e6 Bf6 28.e7 Qe8 29.f5 Kg7
30.Qd3 Rxc5 31.Kb1 Rc4 32.Re2 a5 33.a3 Bxe7 34.Qe3 d4 35.Qd3 Rxc3 36.Qxd4+ Bf6
37.Qxf6+ Kxf6 38.Rxe8 Rxg3 {#R} 0-1

[Event "ch-NED Qualifier 2017"]
[Site "Delft NED"]
[Date "2017.04.16"]
[Round "6.2"]
[White "Nijboer,F"]
[Black "Janssen,Ru"]
[Result "0-1"]
[WhiteElo "2535"]
[BlackElo "2520"]

1.e4 e5 2.Nf3 Nc6 3.Bc4 Bc5 4.c3 Nf6 5.d3 d6 6.O-O O-O 7.a4 a5 8.Bg5 h6 9.Bh4
g5 10.Bg3 g4 11.Nh4 Nh5 12.Na3 Qg5 13.Nb5 Bb6 14.d4 exd4 15.cxd4 Qg7 16.Nf5
Bxf5 17.exf5 Nxd4 18.f6 Qxf6 19.Qxg4+ Qg5 20.Qe4 Rae8 21.Qxb7 Nf5 22.Ra3 Nhxg3
23.hxg3 Ne3 24.fxe3 Rxe3 25.Rxe3 Bxe3+ 26.Rf2 Bxf2+ {#R} 0-1

[Event "10th OGD Prinsenstad 2017"]
[Site "Delft NED"]
[Date "2017.04.16"]
[Round "5.1"]
[White "Bekker,Stefan"]
[Black "Van den Doel,E"]
[Result "1-0"]
[WhiteElo "2310"]
[BlackElo "2566"]

1.d4 d5 2.c4 dxc4 3.Nf3 a6 4.e3 Bg4 5.Bxc4 e6 6.h3 Bh5 7.Nc3 Nc6 8.Bd2 Nf6
9.g4 Bg6 10.Nh4 Bb4 11.Nxg6 hxg6 12.Qf3 Na5 13.Be2 c5 14.dxc5 Bxc5 15.O-O-O
Qc7 16.Kb1 Nc6 17.g5 Nd7 18.h4 Be7 19.Rc1 Nde5 20.Qe4 O-O-O 21.Be1 Kb8 22.f4
Nd7 23.Na4 Rc8 24.Bf3 Qd8 25.Bg3 Qa5 26.Rhd1 Rhd8 27.f5+ Ka7 28.fxe6 f5 29.Qf4
Nde5 30.Bxc6 Nxc6 31.Rd7 Rxd7 32.exd7 Rd8 33.a3 Qd5 34.Bf2 Qd3+ 35.Ka1 Bd6
36.Qf3 Nd4 37.Rd1 Nc2+ 38.Ka2 Qc4+ 39.b3 Qe6 40.e4+ Kb8 41.Rxd6 {#r} 1-0

[Event "10th OGD Prinsenstad 2017"]
[Site "Delft NED"]
[Date "2017.04.16"]
[Round "5.2"]
[White "Blees,A"]
[Black "Voogt,Bob"]
[Result "1-0"]
[WhiteElo "2383"]
[BlackElo "2126"]

1.Nf3 f5 2.c4 e6 3.g3 Nf6 4.Bg2 Be7 5.O-O d6 6.Nc3 O-O 7.Rb1 a5 8.a3 c6 9.b4
axb4 10.axb4 Qc7 11.d3 e5 12.Bb2 Kh8 13.Qc2 Be6 14.Nd2 Nbd7 15.Rfc1 Ra7 16.Nb3
Qb6 17.Ba1 Bf7 18.Nd2 Qc7 19.b5 Rc8 20.Nf3 Ng8 21.Nd1 Bf6 22.Bc3 Ne7 23.Bd2
Rca8 24.Nc3 Ra3 25.Ne1 d5 26.cxd5 cxd5 27.Nxd5 Qb8 28.Nxf6 Nxf6 29.Bb4 Ra2
30.Qc7 {#r} 1-0